000 00240 a2200097 4500
001 37372
100 _aNicholson, Reynold
245 _aThe mathmawi of Jalal-ud-din Rumi
260 _aLahore
_bIslamic Book Service
_c
090 _c23843
_d23843
942 _aNUST-CAE
_cM
_c15384
999 _c272445
_d272445